| 000 | 00794nam a22002537a 4500 | ||
|---|---|---|---|
| 005 | 20111005115758.0 | ||
| 008 | 111005t xxu||||| |||| 00| 0 eng d | ||
| 010 | _aENG-103880 | ||
| 020 |
_a9788120342422 _c550.00 |
||
| 035 | _aEN-87413 | ||
| 037 | _bDBAD / PUB | ||
| 040 |
_adpl _bEng |
||
| 082 | _a530 | ||
| 100 |
_aMehta, Neeraj _924913 |
||
| 245 |
_aApplied physics for engineers / _cby Neeraj Mehta |
||
| 260 |
_aNew Delhi _bPHI Learning _c2011 |
||
| 270 |
_aM-97 Connaught Circus _bNew Delhi _e110001 |
||
| 300 |
_axxi,998p. _c24cm (pbk) |
||
| 500 | _aIncludes index | ||
| 650 | _935248 | ||
| 700 | _924920 | ||
| 942 |
_2ddc _cEN _mMEH _h530 |
||
| 999 |
_c57313 _d57313 |
||